| 000 | 00500nam a2200169Ia 4500 | ||
|---|---|---|---|
| 008 | 090201s9999 xx 000 0 und d | ||
| 010 | _aKPL-43237 | ||
| 040 | _bमराठी | ||
| 041 | _aमराठी | ||
| 082 |
_a25441 _b43237 |
||
| 100 | _aचिंतामणी लागू | ||
| 245 |
_aफरार _cचिंतामणी लागू |
||
| 260 |
_c2004 _bमनोरमा प्रकाशन |
||
| 300 |
_a198 _bमोठा |
||
| 600 | _aफरार | ||
| 942 | _cBOOK | ||
| 999 |
_c224660 _d224660 |
||